000 00245nam a2200097Ia 4500
001 690256
005 20250826161813.0
008 250824s9999 xx 000 0 und d
245 0 _aOPERASYON ERGENEKON
_c ŞAMİL TAYYAR
260 _bTİMAŞ YAYINLARI
999 _c690256
_d690256